| 000 | 00561nam a2200217Ia 4500 | ||
|---|---|---|---|
| 008 | 160319s9999 xx 000 0 und d | ||
| 020 | _a971-684-040-3 | ||
| 050 | _aFIL QA 152.2 | ||
| 050 | _b.B44 1987 c.1 | ||
| 245 | _aBeginning algebra / | ||
| 245 | _cadapted by Myrna A. Cabansay. | ||
| 250 | _a2nd Edition | ||
| 260 | _aManila : | ||
| 260 | _bAcademe Pub. House., | ||
| 260 | _c1987 | ||
| 300 | _a370 pages : | ||
| 300 | _billustrations ; | ||
| 300 | _c24 cm. | ||
| 650 | _aAlgebra -- Study and teaching. | ||
| 650 | _xAlgebra -- Textbooks. | ||
| 999 |
_c291814 _d291814 |
||